| 000 | 00723cam a22002411 4500 | ||
|---|---|---|---|
| 001 | 31133 | ||
| 003 | BD-RjUL | ||
| 005 | 20211209051650.0 | ||
| 008 | 140413t19461944nyu 000 0beng d | ||
| 035 | _a(BD-RjUL)31220 | ||
| 040 |
_aDLC _cDLC _dDLC _dBD-RjUL _beng |
||
| 041 | _aeng | ||
| 082 | 0 | 0 |
_a185 _bCHA V-1 1944 |
| 100 | 1 |
_aCherniss, Harold F. _q(Harold Fredrik), _d1904-1987. _994692 |
|
| 245 | 1 | 0 |
_aAristotle's criticism of Plato and the Academy / _cHarold F. Cherniss |
| 260 |
_aBaltimore : _bThe Johns hopking Press, _cc1944 [Reprinted 1946] |
||
| 300 |
_a610 p. ; _c23 cm. |
||
| 600 | 0 | 0 |
_aAristotle. _994700 |
| 600 | 0 | 0 |
_aPlato. _994701 |
| 942 |
_2ddc _cBK |
||
| 999 |
_c31133 _d31133 |
||